| 000 | 01167nam a22002777a 4500 | ||
|---|---|---|---|
| 999 |
_c63607 _d63607 |
||
| 005 | 20240530110650.0 | ||
| 008 | 171210s2015 su f 000 0 ara d | ||
| 017 |
_a1435/8000 _bالسعودية . مكتبة الملك فهد الوطنية |
||
| 020 | _a9786038139592 | ||
| 040 |
_aEG-CaGPL _cEG-CaGPL |
||
| 082 | 0 | 4 |
_221 _a616.89 / _bع د |
| 100 | 1 | _aعلى مصطفى | |
| 245 | 1 | 2 |
_aالدليل التشخيصى والاحصائى الامريكى الخامس للاضطرابات النفسية والعقلية = _bDiagnostic And Statistical Manual Of Mental Disorders / _cاعداد على مصطفى ، محمد يوسف |
| 246 | 1 | 1 | _aDiagnostic And Statistical Manual Of Mental Disorders |
| 250 | _aط. 1 | ||
| 260 |
_aالرياض : _bدار الزهراء ، _c2015. |
||
| 300 |
_a1504 ص. ؛ _c24 سم. |
||
| 650 | 0 | 7 |
_2qrmak _aالاضطرابات التفسية |
| 650 | 0 | 7 |
_2qrmak _aالصحة النفسية |
| 650 | 0 | 7 |
_2qrmak _aالعلاج النفسى |
| 650 | 0 | 7 |
_2qrmak _aالامراض النفسية |
| 651 | _2qrmak | ||
| 700 | 0 |
_aمحمد يوسف _eمعد |
|
| 942 |
_2ddc _cBK |
||